Gosudarstvennoje stimulirovanije eksporta v Brazilii.

Rast potenciálu brazílskeho priemyslu a jeho stimulovanie štátom v oblasti exportnej produkcie. Daňový systém a minidevalvácie ako stimulujúce faktory. Stimulovanie dovozu investičných celkov pre export na kľúč. Priame úverovanie podniku a úverovanie jeho obratového kapitálu. Export technických služ...

Ausführliche Beschreibung

Gespeichert in:
Bibliographische Detailangaben
1. Verfasser: Bunegina, I.
Format: Buchkapitel
Sprache:Russisch
Schlagworte:
Tags: Tag hinzufügen
Keine Tags, Fügen Sie das erste Tag hinzu!

MARC

LEADER 00000naa a2200000 4500
001 r001404
005 20220819191702.7
041 0 |a rus 
044 |a [SU] 
245 1 0 |a Gosudarstvennoje stimulirovanije eksporta v Brazilii.  |c I. Bunegina 
520 |a Rast potenciálu brazílskeho priemyslu a jeho stimulovanie štátom v oblasti exportnej produkcie. Daňový systém a minidevalvácie ako stimulujúce faktory. Stimulovanie dovozu investičných celkov pre export na kľúč. Priame úverovanie podniku a úverovanie jeho obratového kapitálu. Export technických služieb, tovarov a jeho formy. Úverovanie exportu a poistenie proti riziku. 
610 2 0 |a vývoz 
610 2 0 |a stimulovanie 
610 2 0 |a Brazília 
610 2 0 |a štát 
610 2 0 |a sústava daňová 
610 2 0 |a dovoz celkov investičných 
610 2 0 |a úverovanie 
610 2 0 |a podnik 
610 2 0 |a úver obchodný 
610 2 0 |a riziko 
100 1 |a Bunegina, I.